Architecture for a green future (Record no. 8149)

000 -LEADER
fixed length control field 00355nam a22001457a 4500
003 - CONTROL NUMBER IDENTIFIER
control field OSt
005 - DATE AND TIME OF LATEST TRANSACTION
control field 20200805135315.0
008 - FIXED-LENGTH DATA ELEMENTS--GENERAL INFORMATION
fixed length control field 200805b ||||| |||| 00| 0 eng d
020 ## - INTERNATIONAL STANDARD BOOK NUMBER
International Standard Book Number 9788415123736
082 ## - DEWEY DECIMAL CLASSIFICATION NUMBER
Classification number 720.47
100 ## - MAIN ENTRY--PERSONAL NAME
Personal name Krauel, Jacobo; Ferguson, Naomi
245 ## - TITLE STATEMENT
Title Architecture for a green future
260 ## - PUBLICATION, DISTRIBUTION, ETC. (IMPRINT)
Place of publication, distribution, etc spain
Name of publisher, distributor, etc Links
Date of publication, distribution, etc 2013
942 ## - ADDED ENTRY ELEMENTS (KOHA)
Source of classification or shelving scheme
Holdings
Withdrawn status Lost status Source of classification or shelving scheme Damaged status Koha normalized classification for sorting Not for loan Permanent location Current location Date acquired Total Checkouts Full call number Barcode Date last seen Date last borrowed Price effective from Koha item type
        720_470000000000000   BMS College of Architecture, Design and Planning BMS College of Architecture, Design and Planning 2020-08-05 1 720.47 AR-UG1783 2023-10-27 2023-08-31 2020-08-05 UG Books
Copyright © 2025, The Librarian, Library and Information Centre, BMSCA D&P, Bengaluru. All Rights Reserved
web counter

Powered by Koha